00989 a2200217 4500003000500000005001700005040000900022082000800031100003000039245004900069250001700118260004700135300002700182505035800209538003000567610001000597651003500607942000900642999001900651952010100670Nust20170207154430.0 cNust a050 aMaj Gen Athar Abbas,HI(M) aHilal August-2010cMaj Gen Athar Abbas,HI(M) a2, Volume 47 aRawalpindi,PakistanbISPR DtecAugust-2010 aEnglish-48 & Urdu-51p; aFrom the Editor’s Desk (Page-3) Calendar August 2010 (Page-4) Azadi Special (Page-5) Scourge of Terrorism (Page-10) Future Maps (Page-7) Serious Notes (Page-21) Current Issues (Page-24) Why Don’t We Learn From History (Page-29) Valiant Heroes (Page-16) Health Watch (Page-33) Miscellanea (Page-14) New AND Updates (Page-41) Picture Gallery(Page-44)  aAlmirah No.137 Shelf No.5 aQty-3 aPakistan Armed Forces Magazine cMAGS c197598d197598 00102ddc40708NFICaMCSbMCSd2016-12-12l0o050 ABBpMCSP-32/35r2016-12-08w2016-12-12yBK